000 00284cam a22000977a 4500
008 180718b1971 xxu||||| |||| 00| 0 eng d
082 _aK619x42 Un3/1967
245 _aSikness absence in the civil service 1967
260 _aLondon
_bHer Majesty's Stationery Office
_c1971
300 _a76+p.
999 _c500093
_d500093